000 00383nam a2200157Ia 4500
008 230917s9999||||xx |||||||||||||| ||und||
040 _e201902
_aMAIN
041 _aEnglish
082 _a660.6024576 P397M(2)
100 _aPeppler, H J
245 0 _aMicrobial technology. 2V
250 _a2nd ed.
260 _aNew Delhi
_bElsevier India
_c2009
300 _av. p.
942 _cBK
999 _c171404
_d171404